|
|
|
|
| LEADER |
00000nam a2200000 a 4500 |
| 001 |
vtls009451340 |
| 003 |
SK-MaSNL |
| 005 |
20260302005936.0 |
| 008 |
171219s2008 xo l e p 000 0 slo |
| 015 |
|
|
|a SNBA2008/12-05243
|
| 020 |
|
|
|a 9788010015085 (brož.)
|
| 035 |
|
|
|a 7BEFDB87-564C-4BC1-94F1-B761A5A6DD80
|
| 035 |
|
|
|a urn:nbn:sk:snk-amybo6
|
| 035 |
|
|
|a urn:nbn:sk:snk-am00ceal
|
| 040 |
|
|
|a SNK
|b slo
|c SNK
|e AACR2
|
| 041 |
0 |
|
|a slo
|
| 044 |
|
|
|a xo
|c SK
|
| 072 |
|
7 |
|a 005
|x Manažment. Riadenie
|2 konspekt
|
| 072 |
|
7 |
|a 37.016
|x Učebné osnovy. Vyučovacie predmety. Učebnice
|2 konspekt
|
| 080 |
|
|
|a 658.114
|2 2001
|
| 080 |
|
|
|a 005
|2 2001
|
| 080 |
|
|
|a 658.138
|2 2001
|
| 080 |
|
|
|a 657
|2 2001
|
| 080 |
|
|
|a (075.3)
|2 2001
|
| 080 |
|
|
|a (076.5)
|2 2001
|
| 080 |
|
|
|a 005.71
|2 2001
|
| 245 |
0 |
0 |
|a Cvičná firma
|b praktikum pre obchodné akadémie
|c Alena Horáčková ... [et al.]
|
| 250 |
|
|
|a 2. upr. vyd.
|
| 260 |
|
|
|a Bratislava
|b Slovenské pedagogické nakladateľstvo
|c 2008
|
| 300 |
|
|
|a 152 s.
|b sch., tab.
|c 30 cm
|
| 500 |
|
|
|a Hrebeňová väzba
|
| 650 |
0 |
7 |
|a podnikanie
|2 SNKPH
|9 1757
|
| 650 |
0 |
7 |
|a manažment
|2 SNKPH
|9 922
|
| 650 |
0 |
7 |
|a účtovníctvo
|2 SNKPH
|9 649
|
| 650 |
0 |
7 |
|a fiktívne firmy
|2 SNKPH
|9 74455
|
| 650 |
0 |
7 |
|a marketing
|2 SNKPH
|9 2299
|
| 655 |
|
7 |
|a učebnice stredných škôl
|2 SNKPH
|9 69323
|
| 655 |
|
7 |
|a praktické cvičenia
|2 SNKPH
|9 70517
|
| 700 |
1 |
|
|a Horáčková, Alena
|4 aut
|9 472742
|
| 700 |
1 |
|
|a Horecká, Gabriela
|4 aut
|9 472741
|
| 700 |
1 |
|
|a Velichová, Ľudmila,
|d 1958-
|4 aut
|9 160879
|
| 700 |
1 |
|
|a Zámečníková, Zuzana
|4 aut
|9 306721
|
| 919 |
|
|
|a 978-80-10-01508-5
|
| 958 |
|
|
|a OND
|
| 968 |
|
|
|d 37
|
| 999 |
|
|
|c 1001340
|d 1003270
|
| 952 |
|
|
|a SNK
|b SNK
|y PREZ
|7 0
|p 17A0605933
|o snkSB 77021
|i snk2008/22999
|8 0
|0 0
|1 0
|4 0
|d 2008-12-03
|f 1
|l 0
|r 2025-04-25 00:00:00
|w 2026-02-24
|
| 952 |
|
|
|a SNK
|b SNK
|y PREZ
|7 0
|p 17A0605934
|o snkSB 77021 D1
|i snk2008/23000
|8 0
|0 0
|1 0
|4 0
|d 2008-12-03
|l 0
|r 2016-06-30 00:00:00
|w 2026-02-24
|